|
|
|
|
| LEADER |
03098nam a22004695i 4500 |
| 001 |
978-90-481-9843-6 |
| 003 |
DE-He213 |
| 005 |
20151120172731.0 |
| 007 |
cr nn 008mamaa |
| 008 |
110117s2011 ne | s |||| 0|eng d |
| 020 |
|
|
|a 9789048198436
|9 978-90-481-9843-6
|
| 024 |
7 |
|
|a 10.1007/978-90-481-9843-6
|2 doi
|
| 040 |
|
|
|d GrThAP
|
| 050 |
|
4 |
|a H61-61.95
|
| 072 |
|
7 |
|a JHBC
|2 bicssc
|
| 072 |
|
7 |
|a SOC019000
|2 bisacsh
|
| 082 |
0 |
4 |
|a 300.1
|2 23
|
| 100 |
1 |
|
|a Pratt, Deirdre.
|e author.
|
| 245 |
1 |
0 |
|a Modelling Written Communication
|h [electronic resource] :
|b A New Systems Approach to Modelling in the Social Sciences /
|c by Deirdre Pratt.
|
| 264 |
|
1 |
|a Dordrecht :
|b Springer Netherlands :
|b Imprint: Springer,
|c 2011.
|
| 300 |
|
|
|a XXVI, 226 p.
|b online resource.
|
| 336 |
|
|
|a text
|b txt
|2 rdacontent
|
| 337 |
|
|
|a computer
|b c
|2 rdamedia
|
| 338 |
|
|
|a online resource
|b cr
|2 rdacarrier
|
| 347 |
|
|
|a text file
|b PDF
|2 rda
|
| 490 |
1 |
|
|a Methodos Series, Methodological Prospects in the Social Sciences ;
|v 8
|
| 505 |
0 |
|
|a Preface -- Glossary -- Introduction -- Chapter 1: Review of Composition Software -- Chapter 2: Critical Realism -- Chapter 3: The Modelling Process -- Chapter 4: The User's Model of Composing -- Chapter 5: Testing out the User's Model -- Chapter 6: The Theoretical Model of Composing -- Chapter 7: The Explanatory Force of the Models -- Chapter 8: The Writing Tutor Program -- Conclusion -- Index -- Bibiography.
|
| 520 |
|
|
|a This book offers an alternative view to current postmodern approaches to composition. It takes a critical realist stance to arrive at the “essence” of written communication with the aim of informing a practical application: a computerised writing tutor. Following Robert Franck’s seminal work on modelling, a theoretical model of writing was first formulated, consisting of an architecture of functions which constitute the prerequisites for effective communication. Next, an applied model - a composing algorithm with an input option - was developed, showing composing to be a systemic social process with intra- and extra-systemic variation. The algorithm provided the design template for a writing tutor program which models for the learner both the systemic and the socially situated nature of writing. This book establishes composing as a communicative interaction, and shows the essential dynamism of writing, while offering an exemplar of a systems approach to modelling in the social sciences.
|
| 650 |
|
0 |
|a Social sciences.
|
| 650 |
|
0 |
|a Application software.
|
| 650 |
|
0 |
|a Literacy.
|
| 650 |
1 |
4 |
|a Social Sciences.
|
| 650 |
2 |
4 |
|a Methodology of the Social Sciences.
|
| 650 |
2 |
4 |
|a Literacy.
|
| 650 |
2 |
4 |
|a Computer Appl. in Arts and Humanities.
|
| 710 |
2 |
|
|a SpringerLink (Online service)
|
| 773 |
0 |
|
|t Springer eBooks
|
| 776 |
0 |
8 |
|i Printed edition:
|z 9789048198429
|
| 830 |
|
0 |
|a Methodos Series, Methodological Prospects in the Social Sciences ;
|v 8
|
| 856 |
4 |
0 |
|u http://dx.doi.org/10.1007/978-90-481-9843-6
|z Full Text via HEAL-Link
|
| 912 |
|
|
|a ZDB-2-SHU
|
| 950 |
|
|
|a Humanities, Social Sciences and Law (Springer-11648)
|